Fantasmas (Registro nro. 307725)

Detalles MARC
000 -ENCABEZADO
Número de control [NR] 00804cam a2200253 a 4500
005 - FECHA Y HORA DE LA ÚLTIMA TRANSACCIÓN
control field 20171124092128.0
008 - DE LONGITUD FIJA DE DATOS DE ELEMENTOS - INFORMACIÓN GENERAL
Elementos de longitud fija [NR] 171120s2006 sp r 000 f spa d
015 ## - NUMERO DE BIBLIOGRAFIA NACIONAL [R]
Número de bibliografía nacional [R] NNN
020 ## - NUMERO INTERNACIONAL NORMALIZADO PARA LIBROS [R]
Número Internacional Normalizado del libro [NR] 9788483463192
020 ## - NUMERO INTERNACIONAL NORMALIZADO PARA LIBROS [R]
Número Internacional Normalizado del libro [NR] 9788439720058
040 ## - FUENTE DE CATALOGACION [NR]
Agencia de catalogación original [NR] CO-BoUCM
Idioma de catalogación [NR] spa
Quien Cataloga Saul Niño
Quien Clasifica Saul Niño
041 1# - CODIGO DE IDIOMA [R]
Código de idioma para texto/pista de sonido o título separado [R] Español
Language code of original and/or intermediate translations of text eng
100 1# - ASIENTO PRINCIPAL--NOMBRE PERSONAL [NR]
Nombre personal [NR] Palahniuk, Chuck
Fechas asociadas con el nombre [NR] 1962-
ID Autoridad 89193
245 10 - MENCION DE TITULO [NR]
Título [NR] Fantasmas
Mención de responsabilidad, etc. [NR] Chuck Palahniuk ; traducción de Javier Calvo
260 ## - PUBLICACION, DISTRIBUCION, ETC. (PIE DE IMPRENTA) [R]
Lugar de publicación, distribución, etc. [R] Barcelona, España
Nombre del editor, distribuidor, etc. [R] Mondadori
Fecha de publicación, distribución, etc. [R] 2006
300 ## - DESCRIPCION FISICA [R]
Extensión [R] 442 páginas
490 ## - MENCION DE SERIE [R]
Mención de serie [R] Literatura Mondorini
650 #7 - ASIENTO SECUNDARIO DE MATERIA - TERMINO TEMATICO [R]
Término temático o nombre geográfico como elemento de entrada [NR] Novela estadounidense
9 (RLIN) 20501
650 #7 - ASIENTO SECUNDARIO DE MATERIA - TERMINO TEMATICO [R]
Término temático o nombre geográfico como elemento de entrada [NR] Literatura estadounidense
9 (RLIN) 18653
700 1# - ASIENTO SECUNDARIO - NOMBRE PERSONAL [R]
Nombre personal [NR] Calvo, Javier
Fechas asociadas con el nombre [NR] 1973-
9 (RLIN) 89194
765 ## - ASIENTO DE IDIOMA ORIGINAL [R]
Título [NR] Haunted
942 ## - ELEMENTOS DE ENTRADA AGREGADOS (KOHA)
Sistema de clasificación DEWEY
Tema principal Literatura
Tipo de ítem principal el descrito en 300a Libro de reserva
Edición 1
Clasificación 813.54
Parte restante de la signatura top. P153f
Existencias
Fecha de último préstamo Total préstamos Total Renewals Signatura topográfica Código de barras Última vez visto Ejemplar Costo de reposición Price effective from Tipo de ítem Perdido Sistema de clasificación Dañado No prestable Tipo de ítem específico Suprimido Ubicación habitual Ubicación actual Localización Fecha de creación Proveedor Forma de adquisición Costo
16/12/2021 1 1 813.54 P153f 100155491 09/12/2025 Ej.1 45900.00 09/11/2017 Libro   DEWEY     Libro   Claustro Claustro 2do piso 09/11/2017 9 Compra 45900.00
13/11/2019 3 7 813.54 P153f 100155759 09/12/2025 Ej.2 45900.00 23/11/2017 Libro   DEWEY     Libro   Claustro Claustro 2do piso 23/11/2017 9 Compra 45900.00